Rond carre : cercle, carre, triangle... joue avec Kveta Pacovska

Αποθηκεύτηκε σε:
Λεπτομέρειες βιβλιογραφικής εγγραφής
Κύριος συγγραφέας: Pacovska, Kveta
Μορφή: Βιβλίο
Γλώσσα:French
German
Δημοσίευση: [s.l.] : Seuil, 1994.
Θέματα:
Ετικέτες: Προσθήκη ετικέτας
Δεν υπάρχουν, Καταχωρήστε ετικέτα πρώτοι!

MARC

LEADER 00000cam a2200000 i 4500
001 1/22077
008 970710s1994 gr | ||| |||| ||fre||
020 |a 2020228572 
035 |a 1995  |b 2  |c Ζερβού  |l 10036468 
040 |a GR-MyUA  |b gre  |e AACR2 
041 1 |a fre  |h ger 
082 0 |a 372.52 
100 1 |a Pacovska, Kveta. 
245 1 0 |a Rond carre :   |b cercle, carre, triangle... joue avec Kveta Pacovska /   |c Kveta Pacovska.  
260 |a [s.l.] :   |b Seuil,   |c 1994.  
500 |a Τίτλος πρωτοτύπου: Rund und eckig.  
650 0 0 |a Drawing  |x Study and teaching (Elementary) 
852 |a INST  |b RHODES  |e 19970710  |h 372.52 PAC  |p 005400005438  |q 005400005438  |t BK  |y 0 
909 |a Ρ  |b 041028 
970 |z 2000/08/ΔΕΜΕΝΑΓΑΣ ΠΕΤΡΟΣ